TV Siblings - Statistics

General Stats
  • This quiz has been taken 35 times
  • The average score is 11 of 21
Answer Stats
Siblings TV Show % Correct
Bart, Lisa and Maggie The Simpsons
100%
Monica and Ross Friends
97%
Pugsley and Wednesday The Addams Family
88%
Georgie, Missy and Sheldon Young Sheldon
73%
DJ, Stephanie and Michelle Full House
70%
Zack and Cody The Suite Life of Zack and Cody
70%
Haley, Alex and Luke Modern Family
67%
Raymond and Robert Everybody Loves Raymond
52%
Ian, Lip, Fiona, Debbie, Carl and Liam Shameless
52%
Sam and Dean Supernatural
52%
Tia and Tamera Sister, Sister
45%
Richie and Joanie Happy Days
42%
Michael, Gob, Lindsay, Buster and Annyong Arrested Development
39%
Damon and Stefan The Vampire Diaries
39%
Alexis and David Schitt's Creek
33%
Eric and Laurie That 70s Show
33%
Will and Jonathan Stranger Things
30%
Shiv and Roman Succession
30%
Dee and Dennis It's Always Sunny in Philadelphia
24%
Rafe and Sarah Outer Banks
24%
Elena and Alex One Day at a Time
6%
No matching quizzes found
Score Distribution
Percent of People with Each Score
Percentile by Number Answered
Your Score History
You have not taken this quiz